000 00745nam a22002657a 4500
001 BR0503189
003 BR-BrBNA
005 20230928101932.0
007 ta
008 230509b bl.||||| |||| 00| 0 por d
040 _aBR-BrBNA
_bpor
_cBiblioteca Nacional de Agricultura
041 _a(Por)
072 _aS40
090 _ S40 BR0503189
110 1 _aCompanhia Nacional de Abastecimento, Brasília, DF (Brasil)
245 1 _aPrograma de aquisição de alimentos da agricultura familiar
260 3 _aBrasília, DF (Brasil):
_c2005.
300 _a16 p.
500 _a29 illus.
650 _aPROGRAMA DE NUTRIÇÃO
650 _aAGRICULTURA FAMILIAR
650 _aFOME ZERO
909 _a202309
_bLucia
_c55
_dLucia Elande
942 _cBK
999 _c68297
_d68297